<Les> théories monétaires <la> pensée économique contemporaine

Saved in:
Bibliographic Details
Main Author: Ruffini, Pierre-Bruno
Format: Book
Language:French
Published: Paris Éditions du Seuil 1996
Subjects:
Tags: Add Tag
No Tags, Be the first to tag this record!

MARC

LEADER 00000nam$a2200000$$$4500
001 0116042
005 20240111125226.8
020 |a 2-02-021507-1 
041 0 |a fre 
044 |a FR 
245 1 0 |a <Les> théories monétaires  |b <la> pensée économique contemporaine  |c Pierre-Bruno Ruffini 
264 1 |a Paris  |b Éditions du Seuil  |c 1996 
300 |a 240 s. 
610 2 0 |a mena 
610 2 0 |a stratégia menová 
610 2 0 |a sústava menová 
100 1 |a Ruffini, Pierre-Bruno